书目信息 |
| 题名: |
正说清朝十二帝之天命汗、崇德帝等
|
|
| 作者: | 阎崇年 著 | |
| 分册: | ||
| 出版信息: | 北京 中国盲文出版社 2012.3 |
|
| 页数: | ||
| 开本: | 32cm | |
| 丛书名: | ||
| 单 册: | ||
| 中图分类: | K827=49 , K827 | |
| 科图分类: | ||
| 主题词: | 皇帝--生平事迹--中国--清代--盲文 | |
| 电子资源: | ||
| ISBN: | 978-7-5002-3558-3 | |
| 000 | 00950nam0 2200229 450 | |
| 001 | 1534857530 | |
| 005 | 20150202094247.45 | |
| 010 | @a978-7-5002-3558-3@dCNY31.00 | |
| 100 | @a20120113d2012 em y0chiy0110 ea | |
| 101 | 0 | @a盲文 |
| 102 | @aCN@b110000 | |
| 105 | @ay z 000yy | |
| 200 | 1 | @a正说清朝十二帝之天命汗、崇德帝等@Azheng shuo qing chao shi er di zhi tian ming han、chong de di deng@9zheng shuo qing chao shi er di@f阎崇年著 |
| 210 | @a北京@c中国盲文出版社@d2012.3 | |
| 215 | @d32cm | |
| 330 | @a本书为著名清史学家阎崇年所作。清朝200多年历史留下来太多的谜团,使后人产生了众多的戏说。作者根据清史档案和自己的多年研究,对清史上总共十二个皇帝作了简明扼要的梳理,从这些皇帝的谱系,到他们的政绩,都作了介绍。帮助人们正确认识历史,走出历史误区。 | |
| 606 | 0 | @a皇帝@x生平事迹@y中国@x清代@x盲文 |
| 690 | @aK827=49@v5 | |
| 690 | @aK827@v4 | |
| 701 | 0 | @a阎崇年@9yan chong nian@4著 |
| 801 | 0 | @aCN@bTSSF@c20150202 |
| 905 | @aZUCC@dK827@eJY77 | |
| 正说清朝十二帝之天命汗、崇德帝等/阎崇年著.-北京:中国盲文出版社,2012.3 |
| 32cm |
| ISBN 978-7-5002-3558-3:CNY31.00 |
| 本书为著名清史学家阎崇年所作。清朝200多年历史留下来太多的谜团,使后人产生了众多的戏说。作者根据清史档案和自己的多年研究,对清史上总共十二个皇帝作了简明扼要的梳理,从这些皇帝的谱系,到他们的政绩,都作了介绍。帮助人们正确认识历史,走出历史误区。 |
| ● |
| 相关链接 |
|
|
|
|
正题名:正说清朝十二帝之天命汗、崇德帝等
索取号:K827/JY77
 
预约/预借
| 序号 | 登录号 | 条形码 | 馆藏地/架位号 | 状态 | 备注 |
| 1 | 7864916 | 278649161 | 学院路分馆/ [索取号:K827/JY77] | 在馆 |